Производственные функции взаимодействия труда и капитала в процессе производства при разработке россыпных месторождений золота (Запись № 4469511)
[ простой вид ]
| 000 -МАРКЕР | |
|---|---|
| контрольное поле | 01803nam0a2200337 i 4500 |
| 001 - ИДЕНТИФИКАТОР ЗАПИСИ | |
| контрольное поле | RU\NLR\bibl\2025274 |
| 005 - ИДЕНТИФИКАТОР ВЕРСИИ | |
| контрольное поле | 20260406023359.0 |
| 021 ## - НОМЕР ГОСУДАРСТВЕННОЙ РЕГИСТРАЦИИ | |
| Код страны | Российская Федерация |
| Номер | 2013-22953 |
| Номер Листа государственной регистраци | 1604 |
| 035 ## - ДРУГИЕ СИСТЕМНЫЕ НОМЕРА | |
| Идентификатор записи | (NLR Aleph) 002013338 |
| 100 ## - ДАННЫЕ ОБЩЕЙ ОБРАБОТКИ | |
| Данные общей обработки | 20130417d2012 k y0rusy50 ca |
| 101 0# - ЯЗЫК РЕСУРСА | |
| Язык текста, звукозаписи и т.д. | русский |
| Язык оглавления | русский |
| -- | английский |
| Язык резюме | английский |
| 102 ## - СТРАНА ПУБЛИКАЦИИ ИЛИ ПРОИЗВОДСТВА | |
| Страна публикации | Российская Федерация |
| 105 ## - ПОЛЕ КОДИРОВАННЫХ ДАННЫХ: ТЕКСТОВЫЕ МАТЕРИАЛЫ, МОНОГРАФИЧЕСКИЕ | |
| Кодированные данные о монографическом текстовом документе | a ||||||||| |
| 200 1# - ЗАГЛАВИЕ И СВЕДЕНИЯ ОБ ОТВЕТСТВЕННОСТИ | |
| Основное заглавие | Производственные функции взаимодействия труда и капитала в процессе производства при разработке россыпных месторождений золота |
| Первые сведения об ответственности | А.А. Петросов, В.А. Иванов |
| 205 ## - СВЕДЕНИЯ ОБ ИЗДАНИИ | |
| Сведения об издании | Препринт |
| 210 ## - ПУБЛИКАЦИЯ, РАСПРОСТРАНЕНИЕ И ДР. | |
| Место издания, распространения и т.д. | Москва |
| Имя издателя, распространителя и т. д. | Горная книга |
| Дата издания, распространения и т.д. | 2012 |
| 215 ## - ФИЗИЧЕСКАЯ ХАРАКТЕРИСТИКА | |
| Специфическое обозначение материала и объем | 13 с. |
| Другие сведения о физической характеристике | ил. |
| Размеры | 20 |
| 225 1# - СЕРИЯ | |
| Основное заглавие серии | Горный информационно-аналитический бюллетень (научно-технический журнал) |
| Наименование части | Отдельная статья (специальный выпуск) |
| ISSN серии | 0236-1493 |
| Обозначение тома | N° 12 |
| 300 ## - ОБЩИЕ ПРИМЕЧАНИЯ | |
| Текст примечания | На 13-й с. 1-й авт.: Петросов А.А. - д.т.н., проф. |
| 300 ## - ОБЩИЕ ПРИМЕЧАНИЯ | |
| Текст примечания | Рез. на англ. яз. |
| 320 ## - ПРИМЕЧАНИЯ О НАЛИЧИИ В ДОКУМЕНТЕ БИБЛИОГРАФИИ / УКАЗАТЕЛЯ | |
| Текст примечания | Библиогр.: с. 12-13 (9 назв.) |
| 606 1# - НАИМЕНОВАНИЕ ТЕМЫ КАК ПРЕДМЕТ | |
| Наименование темы | Золотодобывающая промышленность |
| Тематический подзаголовок | Экономика |
| Системный номер авторитетной/нормативной записи | 2272378 |
| Идентификатор авторитетной/нормативной записи | RU\NLR\auth\661361920 |
| 686 ## - ИНДЕКСЫ ДРУГИХ КЛАССИФИКАЦИЙ | |
| Индекс | У30(2)555.251 |
| 700 #1 - ИМЯ ЛИЦА - ПЕРВИЧНАЯ ОТВЕТСТВЕННОСТЬ | |
| Код отношения | Автор |
| Материалы, к которым относится поле | rus |
| Графика поля | Кириллица |
| Начальный элемент ввода | Петросов |
| Часть имени, кроме начального элемента ввода | А. А. |
| Расширение инициалов личного имени | Аркадий Арамович |
| Идентификатор авторитетной/нормативной записи | RU\NLR\auth\77124938 |
| Системный номер авторитетной/нормативной записи | 107863 |
| 701 #1 - ИМЯ ЛИЦА - АЛЬТЕРНАТИВНАЯ ОТВЕТСТВЕННОСТЬ | |
| Код отношения | Автор |
| Материалы, к которым относится поле | rus |
| Графика поля | Кириллица |
| Начальный элемент ввода | Иванов |
| Часть имени, кроме начального элемента ввода | В. А. |
| Дополнения к именам, кроме дат | канд. экон. наук, горн. пр-во |
| Расширение инициалов личного имени | Вячеслав Александрович |
| Идентификатор авторитетной/нормативной записи | RU\NLR\auth\77124935 |
| Системный номер авторитетной/нормативной записи | 107860 |
| 801 #0 - ИСТОЧНИК ЗАПИСИ | |
| Страна | Российская Федерация |
| Организация | NLR |
| Дата составления | 20130417 |
| Правила каталогизации | RCR |
| 801 #1 - ИСТОЧНИК ЗАПИСИ | |
| Страна | Российская Федерация |
| Организация | NLR |
| Дата составления | 20130417 |
| 942 ## - ДОПОЛНИТЕЛЬНЫЕ ЭЛЕМЕНТЫ ЗАПИСИ (АБИС) | |
| Тип экземпляра АБИС | Книга |
| 980 ## - КОЛЛЕКЦИЯ | |
| Название коллекции | НБР |
Нет доступных экземпляров.